Periodensystem – Erste 20 Elemente - Statistiken

Allgemein
  • Dieses Quiz wurde 569 mal gespielt
  • Das Durchschnittsergebnis liegt bei 16 aus 20
Antwortstatistiken
Symbol Element % Korrekt
He Helium
99%
H Wasserstoff
98%
Li Lithium
93%
Mg Magnesium
92%
Na Natrium
90%
O Sauerstoff
90%
B Bor
82%
C Kohlenstoff
82%
N Stickstoff
81%
Al Aluminium
79%
Cl Chlor
75%
Ar Argon
73%
Ne Neon
72%
Be Beryllium
70%
F Fluor
70%
Ca Calcium
68%
K Kalium
68%
S Schwefel
66%
Si Silicium
63%
P Phosphor
61%
Keine übereinstimmenden Quizze gefunden
Verteilung der Resultate
Anzahl Personen mit jedem Resultat
Perzentil nach korrekt beantworteten Fragen
Ihre Resultats-Entwicklung
Sie haben dieses Quiz noch nicht gespielt